Sociedades Agrarias de transformacin̤ Empresas agroalimentarias entre la economa̕ social y la del mercado

Detalles Bibliográficos
Autor principal: Vargas Vasserot, Carlos
Formato: eBook
Lenguaje:español
Publicado: Madrid : Dykinson, 2012
Materias:
Acceso en línea:http://www.vlex.com/source/7008

MARC

LEADER 00000nam a22000007a 4500
005 20130221165107.0
007 cr|||| ||||
008 130221e2012 sp |||||s|||| 00||0 spa d
020 |a 978-84-9031-246-9 
035 |a 7008 
040 |a vLex 
090 |c 3699  |d 3699 
100 1 0 |a Vargas Vasserot, Carlos 
245 1 0 |a Sociedades Agrarias de transformacin̤  |b Empresas agroalimentarias entre la economa̕ social y la del mercado  |h [Recurso electrn̤ico] 
256 |a Servicio en ln̕ea 
260 |a Madrid :  |b Dykinson,   |c 2012 
300 |a 1 Recurso electrn̤ico 
650 0 4 |a Agricultura  |z Espaą 
650 0 4 |a Derecho mercantil  |z Espaą 
650 0 4 |a Economa̕ social  |z Espaą 
740 |a vLex Libros (Servicio en ln̕ea) 
856 |a Acceso restringido  |u http://www.vlex.com/source/7008 
942 |c BOOK 
999 0 |a Commercial law